Southville International School and Colleges
Your cart is empty.
  • Cart
  • Lists
    Public lists Eva Luna New books Lux_list list_1
    Your lists Log in to create your own lists
  • Log in to your account
  • Your cookies
  • Search history
Southville International School and Colleges
  • Advanced search
  • Recent comments
  • Most popular
  • Libraries

Log in to your account

Log in with GOOGLE


If you do not have an external account, but do have a local account, you can still log in:

  1. Home
  2. MARC view: Who cloned the President? /
Normal view MARC view ISBD view

Who cloned the President? / (Record no. 33561)

[ view plain ]
MARC details
000 -LEADER
fixed length control field 01320cam a2200361 a 4500
001 - CONTROL NUMBER
control field 11966033
003 - CONTROL NUMBER IDENTIFIER
control field OSt
005 - DATE AND TIME OF LATEST TRANSACTION
control field 20140310184315.0
008 - FIXED-LENGTH DATA ELEMENTS--GENERAL INFORMATION
fixed length control field 000406s2001 nyua j 000 1 eng
010 ## - LIBRARY OF CONGRESS CONTROL NUMBER
LC control number 00039325
020 ## - INTERNATIONAL STANDARD BOOK NUMBER
International Standard Book Number 0307265102 (pbk.)
020 ## - INTERNATIONAL STANDARD BOOK NUMBER
International Standard Book Number 0307465101 (gb)
040 ## - CATALOGING SOURCE
Original cataloging agency DLC
Transcribing agency DLC
Modifying agency DLC
042 ## - AUTHENTICATION CODE
Authentication code lcac
050 00 - LIBRARY OF CONGRESS CALL NUMBER
Classification number PZ 7
Item number .R8139Wl 2001
100 1# - MAIN ENTRY--PERSONAL NAME
Personal name Roy, Ron,
Dates associated with a name 1940-
9 (RLIN) 23440
245 10 - TITLE STATEMENT
Title Who cloned the President? /
Statement of responsibility, etc Ron Roy ; illustrated by Liza Woodruff.
260 ## - PUBLICATION, DISTRIBUTION, ETC. (IMPRINT)
Place of publication, distribution, etc New York, NY :
Name of publisher, distributor, etc Scholastic Inc.,
Date of publication, distribution, etc 2004
300 ## - PHYSICAL DESCRIPTION
Extent 75 p. :
Other physical details ill. ;
Dimensions 20 cm.
440 #0 - SERIES STATEMENT/ADDED ENTRY--TITLE
Title Road to reading.
Number of part/section of a work Mile 5
9 (RLIN) 23441
520 ## - SUMMARY, ETC.
Summary, etc KC discovers that the President of the United States has been replaced by a clone and sets out with her friend Marshall on a dangerous mission to set things right.
521 ## - TARGET AUDIENCE NOTE
Target audience note
526 ## - STUDY PROGRAM INFORMATION NOTE
Reading level 340
650 #1 - SUBJECT ADDED ENTRY--TOPICAL TERM
Topical term or geographic name as entry element Cloning
Form subdivision Fiction.
9 (RLIN) 23442
700 1# - ADDED ENTRY--PERSONAL NAME
Personal name Woodruff, Liza,
Relator term ill.
9 (RLIN) 23443
856 42 - ELECTRONIC LOCATION AND ACCESS
Materials specified Publisher description
Uniform Resource Identifier <a href="http://www.loc.gov/catdir/enhancements/fy0727/00039325-d.html">http://www.loc.gov/catdir/enhancements/fy0727/00039325-d.html</a>
906 ## - LOCAL DATA ELEMENT F, LDF (RLIN)
a 7
b cbc
c orignew
d 1
e ocip
f 20
g y-gencatlg
942 ## - ADDED ENTRY ELEMENTS (KOHA)
Source of classification or shelving scheme Library of Congress Classification
Koha item type
Holdings
Withdrawn status Lost status Source of classification or shelving scheme Damaged status Home library Current library Shelving location Date acquired Total Checkouts Full call number Barcode Date last seen Copy number Price effective from Koha item type
    Library of Congress Classification   Luxembourg Library Luxembourg Library Scholastic Reading Center Section 10/03/2013   PZ 7 .R8139Wl 2004 LEX0125 04/18/2017 3 01/30/2014 Books
    Library of Congress Classification   Luxembourg Library Luxembourg Library Scholastic Reading Center Section 10/08/2013   PZ 7 .R8139Wl 2004 LEX2477 04/18/2017 1 10/08/2013 Books
    Library of Congress Classification   Luxembourg Library Luxembourg Library Scholastic Reading Center Section 10/08/2013   PZ 7 .R8139Wl 2001 LEX2478 04/18/2017 2 10/08/2013 Books

Who cloned the President? /

APA

Roy R., Woodruff L., . (2004). Who cloned the President?. New York, NY: Scholastic Inc.

Chicago

Roy Ron, Woodruff Liza, . 2004. Who cloned the President?. New York, NY: Scholastic Inc.

Harvard

Roy R., Woodruff L., . (2004). Who cloned the President?. New York, NY: Scholastic Inc.

MLA

Roy Ron, Woodruff Liza, . Who cloned the President?. New York, NY: Scholastic Inc. 2004.

  • Place hold
  • Print
  • Cite
  • Add to your cart (remove)
  • Save record
    BIBTEX Dublin Core MARCXML MARC (non-Unicode/MARC-8) MARC (Unicode/UTF-8) MARC (Unicode/UTF-8, Standard) MODS (XML) RIS
  • More searches
    Search for this title in:
    Other Libraries (WorldCat) Other Databases (Google Scholar) Online Stores (Bookfinder.com) Open Library (openlibrary.org)

Exporting to Dublin Core...

SOUTHVILLE LIBRARY

Southville International School and Colleges Library

1281 Tropical Ave. Cor. Luxembourg St., BF Homes International, Las Pinas City

Tel. No. 8256374 / 252358 Loc. 117/146

Powered by Koha